[Event "Remote 1.MNS email"]
[Site "Remote email"]
[Date "2013.01.15"]
[Round "?"]
[White "Nowak, Mathias"]
[Black "Hauswald, Frank"]
[Result "0-1"]
[WhiteElo "2306"]
[BlackElo "2054"]
[PlyCount "58"]
[EventDate "2013.??.??"]
[EventType "tourn (corr)"]
[EventRounds "6"]
[EventCountry "GER"]
[SourceTitle "Corr 2015"]
[Source "ChessBase"]
[SourceDate "2015.07.17"]
[SourceVersion "1"]
[SourceVersionDate "2015.07.17"]
[SourceQuality "1"]

1. e4 e5 2. Nf3 Nc6 3. Bb5 Bc5 4. 0-0 Nf6 5. Nxe5 Nxe5 6. d4 a6 7. Be2 Nxe4 8. dxc5 Nxc5 9. Qd4 Qe7 10. Nc3 f6 11. Nd5 Ne6 12. Qd3 Nxd3 13. Bh5+ g6 14. Nxe7 Kxe7 15. Bxg6 Nxc1 16. Bh5 Nf4 17. Re1+ Kd8 18. Bf3 Ncd3 19. cxd3 Nxd3 20. Re2 Re8 21. Rc2 Re1+ 22. Rxe1 Nxe1 23. Rc3 Nxf3+ 24. Rxf3 d6 25. Rxf6 Ke7 26. Rf4 c5 27. Kf1 Be6 28. Rh4 Rh8 29. b3 b5 0-1

[Event "Remote S7E Pioneer-52 email"]
[Site "Remote email"]
[Date "2013.01.07"]
[Round "?"]
[White "Broemme, Steffen"]
[Black "Hauswald, Frank"]
[Result "1-0"]
[WhiteElo "2180"]
[BlackElo "2054"]
[PlyCount "47"]
[EventDate "2013.??.??"]
[EventType "tourn (corr)"]
[EventRounds "6"]
[EventCountry "GER"]
[SourceTitle "Corr 2015"]
[Source "ChessBase"]
[SourceDate "2015.07.17"]
[SourceVersion "1"]
[SourceVersionDate "2015.07.17"]
[SourceQuality "1"]

1. d4 e6 2. e4 d5 3. Nc3 Bb4 4. e5 Ne7 5. a3 Bxc3+ 6. bxc3 c5 7. Qg4 Qa5 8. Bd2 Ng6 9. h4 h5 10. Qg5 Nc6 11. Bd3 Nce7 12. Ne2 c4 13. Bxg6 Nxg6 14. Ng3 Qa4 15. Nxh5 Rh7 16. Nxg7+ Rxg7 17. h5 Rh7 18. hxg6 Rxh1+ 19. Ke2 Rh8 20. Rh1 Rxh1 21. g7 Qxa3 22. g8Q+ Qf8 23. Qd8+ Kxd8 24. Qxf8+ 1-0